1892 1540 1880 1223 1771 1619 1200 1703 1043 1979 1197 1750 1217 1007 1042 1767 1386 1771 1617 1262 1169 1029 1292 1757 1696 1354 1514 1476 1172 1782 1830 1148 1855 1480 1914 1859 1624 1453 1620 1251 1945 1208 1709 1191 1168 1097 1522 1212 1165 1848 1435 1162 1594 1974 1826 1529 1831 1229 1422 1421 1393 1588 1764 1291 1493 1008 1845 1987 1787 1652 1185 1382 1919 1556 1031 1931 1496 1339 1318 1188 1769 1741 1367 1052 1688 1766 1886 1890 1760 1144 1422 1216 1592 1177 1185 1723 1562 1569 1190 BCNSPRNW ULIB Ver.6.0+V

เปลี่ยนเป็นภาษาไทย

Change to English
 แสดงรายละเอียดบรรณานุกรม
  กลับหน้าหลัก

Brief Record : Get Marc (ISO 2709) : E-mail record : QR code < ปิดหน้าต่าง
LEADER : 00000nam 2200000uu 4500
001    13399113623
003     ULIB
008    111207s2552||||th 000 0 tha d
020    ^a9789747519198
090    ^aนว.^bธ761ส 2552
100 0  ^aธุวดารา
245 00 ^aสะใภ้มือใหม่/^cธุวดารา
250    ^aพิมพ์ครั้งที่ 1
260    ^aกรุงเทพฯ :^bSugar Beat,^c2552
300    ^a340 หน้า
710 1  ^aSugar Beat
945    ^p240^l0^i16295
995    ^aทศพร
999 ^a ทศพร
รายการนี้ยังไม่มีแท็ก
คุณยังไม่ได้ล็อกอิน คุณสามารถมีกิจกรรมร่วมกับเว็บไซต์ได้ แต่ต้องล็อกอินก่อน ::
  ล็อกอิน

รายการสื่อสารสนเทศ

ลำดับที่ ประเภท เลขเรียก/บาร์โค้ด สถานที่ สถานะ
1. นวนิยาย
นวนิยาย
นว. ธ761ส 2552 ฉ.1 
  Barcode: 16295
ห้องสมุดวิทยาเขตสวรรค์ประชารักษ์
►นวนิยาย
บนชั้น
  ขอยืม

รายการใกล้เคียง
    ผู้แต่ง [ธุวดารา]

BibComment


ยังไม่เคยถูกคอมเมนท์

คอมเมนท์ทรัพยากรรายการนี้
  คอมเมนท์: สะใภ้มือใหม่ ธุว..


 Copyright 2026. Bcnsprnw @Library